000 00538nam a2200181Ia 4500
005 20250508163837.0
008 008 250505s9999 xx 000 0 eng d
037 _aTextual
040 _aFEDL
_beng
_cFEDL
041 _aeng
_2eng
084 _a374.95483, PIL
_qFEDL
100 _aPillai P.Gopinadhan
_9776520
245 0 _aContinuing education : The Kerala experiment
260 _aAmbala, India
_bThe Associated Publishers
_c1997
300 _a170p.
942 _cTEXL
_h374.95483, PIL
999 _c1385567
_d1385567